| 000 | 00669nam a2200205Ia 4500 | ||
|---|---|---|---|
| 001 | 16783 | ||
| 003 | GE_BSU | ||
| 008 | 181216s||||||||xx |||||||||||||| ||und|| | ||
| 040 | _cGE_BSU | ||
| 080 | _a821.353.1-2 + 821.353.1-293.7 | ||
| 100 | _aელიოზიშვილი, მერაბ | ||
| 245 | _aპიესები და კინოსცენარები | ||
| 245 | _cრედ.ნ.მეტრეველი | ||
| 260 | _aთბილისი | ||
| 260 | _bხელოვნება | ||
| 260 | _c1982 | ||
| 300 | _a524გვ. ; 22სმ | ||
| 653 | _aპიესები და კინოსცენარები | ||
| 942 | _cBK | ||
| 999 |
_c49848 _d49848 |
||